000 00329nam a2200169Ia 4500
100 _aEckel/ Bruce
250 _a2
490 _vI
942 _cBK
654 _aC++
245 _aThinking in C++ VI
260 _bPrentice Hall
_c2000
082 _a005.133'C++
_bECK
300 _a814
546 _aENGLISH
999 _c34075
_d34075